Countries that have Hosted Tomorrowland - Statistics

General Stats
  • This quiz has been taken 7 times
  • The average score is 4 of 5
Answer Stats
Years Name Country % Correct
2013-2015 TomorrowWorld United States
100%
2019- Tomorrowland Winter France
86%
2005- Tomorrowland Belgium
71%
2015-2016; 2023- Tomorrowland Brasil Brazil
71%
2026- Tomorrowland Thailand Thailand
43%
No matching quizzes found
Score Distribution
Percent of People with Each Score
Percentile by Number Answered
Your Score History
You have not taken this quiz